000 00418nam a2200157Ia 4500
008 240729s9999 xx 000 0 und d
022 _a1179-9935
245 0 _aResearch and Reports in Neonatology
260 _aUnited Kingdom
260 _bDove Medical Press
650 _a Pediatrics
650 _aMedicine
856 _uhttps://doaj.org/toc/0c80954feaf54867a65e61c32bcc6005
942 _2ddc
942 _cDOAJEJ
999 _c73634
_d73634
945 _a1
_bMadushi Gamage
_c1
_dMadushi Gamage